00984nam a22003137a 4500001001000000003000900010005001700019007000300036008003400039040005400073041001000127072003100137100001600168100001600184110006400200110009600264245014200360260003600502300001000538650001800548650001100566650001200577650001200589650001600601650001000617650002200627650001000649650001100659BR7909200BR-BrBNA20230928090443.0ta230509b bl.||||| |||| 00| 0 por d aBR-BrBNAbporcBiblioteca Nacional de Agricultura a(Por) aL00; L30; C00b6000b/G5141 aBarbosa, E.1 aFitcher, I.1 aAssociacao Paranaense de Avicultura, Curitiba, PR (Brasil);1 aInstituto Paranaense de Pesquisas, Experimentacao e Estudos Avicolas, Curitiba, PR (Brasil)1 a1. Curso de Atualizacao e Transferencia de Tecnologia Avicola para Avicultores do Parana. Modulo 2. Manejo de aves de reproducao [Brasil]3 aCuritiba, PR (Brasil): c1979.  a51 p. aAVE DOMESTICA aMANEJO aCRIACAO aAVIARIO aEQUIPAMENTO aRACAO aCONSUMO ALIMENTAR aCURSO aPARANA